000 00293nam a22001337a 4500
008 170929b xxu||||| |||| 00| 0 eng d
020 _a9780395260852
041 _aeng
080 _a37
100 _a47
101 _aEDU
245 _aGRAMMAR FOR READING GERMAN
_cROALD, K
942 _2udc
_cBK
999 _c30602
_d30602